Faculty of Law Library — Cairo University

Official Online Catalog

ملحق الموسوعه الحديثه فى شرح نظام العاملين فى القطاع العام : (Record no. 71846)

MARC details
000 -LEADER
fixed length control field 01582nam a22002897i 4500
003 - CONTROL NUMBER IDENTIFIER
control field EG-GICUC
005 - DATE AND TIME OF LATEST TRANSACTION
control field 20260419111606.0
008 - FIXED-LENGTH DATA ELEMENTS--GENERAL INFORMATION
fixed length control field 260419s1972 ua ||||fr|||| 00| 0 ara d
017 ## - COPYRIGHT OR LEGAL DEPOSIT NUMBER
Copyright or legal deposit number 2185/1972
Date 1972
040 ## - CATALOGING SOURCE
Original cataloging agency EG-GICUC
Language of cataloging ara
Transcribing agency EG-GICUC
Modifying agency EG-GICUC
Description conventions rda
082 04 - DEWEY DECIMAL CLASSIFICATION NUMBER
Edition number 21
Classification number 345.455
Item number م ح . م
092 04 - LOCALLY ASSIGNED DEWEY CALL NUMBER (OCLC)
Edition number 21
099 ## - LOCAL FREE-TEXT CALL NUMBER (OCLC)
Classification number Law1 07 345.455 م ح . م 1972
100 1# - MAIN ENTRY--PERSONAL NAME
Personal name محمد عبد المجيد مرعي
Relator term Author.
245 ## - TITLE STATEMENT
Title ملحق الموسوعه الحديثه فى شرح نظام العاملين فى القطاع العام :
Remainder of title المؤسسات العامه والواحدات الاقفتصاديه التابعه لها وقانون الهيئات العامه /
Statement of responsibility, etc. محمد عبد المجيد مرعي.
264 #1 - PRODUCTION, PUBLICATION, DISTRIBUTION, MANUFACTURE, AND COPYRIGHT NOTICE
Place of production, publication, distribution, manufacture القاهره :
Name of producer, publisher, distributor, manufacturer مطبعه دار البيان,
Date of production, publication, distribution, manufacture, or copyright notice 1972.
300 ## - PHYSICAL DESCRIPTION
Extent 147صفحة
Other physical details إيضاحيات، صور، مثيليات ؛
Dimensions 24 سم
336 ## - CONTENT TYPE
Source rda content
Content type term text
337 ## - MEDIA TYPE
Source rda media
Media type term Computer
338 ## - CARRIER TYPE
Source rda carrier
Carrier type term Online Resource
505 ## - FORMATTED CONTENTS NOTE
Formatted contents note القانون رقم 60 لسنه 1971 والقانون رقم 61 لسنه 1971 القرار الجمهوري رقم 2421 لسنه 1971 <br/>التعليق على نصوص القانون الجديده بالمقارنه بالقوانين الملغاه وما استحدثته من مزايا للعاملين بالقطاع العام
650 1# - SUBJECT ADDED ENTRY--TOPICAL TERM
Topical term or geographic name entry element النظام القانوني للعاملين بالقطاع العام
Source of heading or term qrmak
651 1# - SUBJECT ADDED ENTRY--GEOGRAPHIC NAME
Source of heading or term qrmak
856 40 - ELECTRONIC LOCATION AND ACCESS
Uniform Resource Identifier <a href="https://fll.law.cu.edu.eg/B07-01655/bks/test.pdf">https://fll.law.cu.edu.eg/B07-01655/bks/test.pdf</a>
905 ## - Cataloger and Reviser Names
Cataloger Name: Omnia Hany
942 ## - ADDED ENTRY ELEMENTS (KOHA)
Source of classification or shelving scheme Dewey Decimal Classification
Koha item type Books
Edition 21
Suppress in OPAC No
Holdings
Withdrawn status Lost status Source of classification or shelving scheme Damaged status Not for loan Collection Home library Current library Date acquired Total checkouts Full call number Barcode Date last seen Copy number Price effective from Koha item type
    Dewey Decimal Classification   Not for loan القانون الإداري جــــامعة القــاهرة مكتبة كلية الحقوق - المبنى الرئيسي 19.04.2026   Law1 07 345.455 م ح . م 1972 0701655 C1 B07-01655 19.04.2026 1 19.04.2026 Books
    Dewey Decimal Classification       جــــامعة القــاهرة مكتبة كلية الحقوق - المبنى الرئيسي 19.04.2026   Law1 07 345.455 م ح . م 1972 0701664 C2 B07-01664 19.04.2026 2 19.04.2026 Books

© All rights reserved — Faculty of Law, Cairo University